000 00551nam a22001697a 4500
008 160825b xxu||||| |||| 00| 0 eng d
020 _a9715422632
082 _22000
_aDFil 899.2112
_bL62
245 _aThe likhaan book of Philippine drama 1991-1996:
_bfrom page to page/
260 _aQuezon City:
_bUP Press,
_cc2000.
300 _avii, 447 pages:
_billustrations;
_c23 cm.
500 _aInclude bibliography
650 0 _913703
_aPhilippine drama
650 0 _913704
_aDrama
_vCollections
700 _913705
_aJuan, Anton
_eEditor
942 _2ddc
_cDFIL
999 _c4140
_d4140